| 000 | 00933nam a2200313 a 4500 | ||
|---|---|---|---|
| 003 | AR-BaBNM | ||
| 005 | 20251128203528.0 | ||
| 008 | 082120s2002 ||||||||||||||000 | spa|| | ||
| 040 | _cAR-BaBNM | ||
| 100 | 1 | _aRibeiro, Darcy | |
| 245 | 0 | 0 |
_aLas américas y la civilización _blos pueblos trasplantados : civilización y desarrollo. 3 |
| 260 |
_aBuenos Aires _bCentro Editor de América Latina _c1969 |
||
| 300 | _a210 p. | ||
| 490 | 0 | _aCuadernos latinoamericanos | |
| 500 | _aContiene referencias bibliográficas en p. 195 | ||
| 650 | 4 | _aHISTORIA ECONOMICA | |
| 650 | 4 | _aIMPERIALISMO | |
| 650 | 4 | _aCOLONIALISMO | |
| 650 | 4 | _aHISTORIA POLITICA | |
| 650 | 4 | _aHISTORIA LATINOAMERICANA | |
| 650 | 4 | _aSOCIALISMO | |
| 650 | 4 | _aSOCIOLOGIA POLITICA | |
| 651 | 4 | _aAmérica Latina | |
| 651 | 4 | _aAmérica del Norte | |
| 700 | 1 | _aRibeiro, Darcy | |
| 700 | 1 |
_aPi Ugarte, Renzo _etraductor |
|
| 942 | _cBK | ||
| 998 | _cMARTIN | ||
| 999 |
_c3799 _d3799 |
||